header

Supportive schools (Record no. 1803)

MARC details
000 -LEADER
fixed length control field 01212nam a2200301Ia 4500
082 04 - DEWEY DECIMAL CLASSIFICATION NUMBER
Classification number 371.9
245 00 - TITLE STATEMENT
Title Supportive schools
260 ## - PUBLICATION, DISTRIBUTION, ETC. (IMPRINT)
Place of publication Basingstoke :
Name of publisher Macmillan Education,
Year of publication 1990.
300 ## - PHYSICAL DESCRIPTION
Number of Pages xii, 128 p. :
Other physical details ill.
500 ## - GENERAL NOTE
General note Includes index.
650 #0 - SUBJECT ADDED ENTRY--TOPICAL TERM
Topical Term Special education
Topical Term Educational counseling
700 1# - ADDED ENTRY--PERSONAL NAME
Personal name Charlton, Tony.
Personal name David, Kenneth.
856 40 - ELECTRONIC LOCATION AND ACCESS
Uniform Resource Identifier http://site.ebrary.com/lib/rucke/Doc?id=5003128

No items available.

© 2026 Rongo University
Contact us: librarian | system librarian | Rongo university